Thiết kế mẫu nhà lớp học trường trung học cơ sở

Saved in:
Bibliographic Details
Main Author: Bộ Xây Dựng
Format: Book
Language:Undetermined
Published: Bộ Xây Dựng Xây dựng 2003
Subjects:
Tags: Add Tag
No Tags, Be the first to tag this record!
Institutions: Trung tâm Học liệu Trường Đại học Cần Thơ
LEADER 00538nam a2200181Ia 4500
001 CTU_62450
008 210402s9999 xx 000 0 und d
020 |b 45000 
082 |a 693.2 
082 |b B450 
100 |a Bộ Xây Dựng 
245 0 |a Thiết kế mẫu nhà lớp học trường trung học cơ sở 
260 |a Bộ Xây Dựng 
260 |b Xây dựng 
260 |c 2003 
650 |a universities and colleges 
904 |i Minh 
980 |a Trung tâm Học liệu Trường Đại học Cần Thơ